[Event "Ghent Eastman op 41st"]
[Site "Ghent"]
[Date "2018.07.15"]
[Round "3"]
[White "Boog, Ben"]
[Black "Malakhatko, Vadim"]
[Result "0-1"]
[WhiteElo "2130"]
[BlackElo "2499"]
[PlyCount "102"]
[EventDate "2018.07.14"]
[EventType "swiss"]
[EventRounds "9"]
[EventCountry "BEL"]
[SourceTitle "CBM 185 Extra"]
[Source "ChessBase"]
[SourceDate "2018.07.29"]
[SourceVersion "1"]
[SourceVersionDate "2018.07.29"]
[SourceQuality "1"]

1. d4 e6 2. Nf3 c5 3. c3 Nf6 4. Bf4 cxd4 5. cxd4 Qb6 6. Qc1 Nc6 7. e3 Nb4 8. Nc3 Nbd5 9. Nxd5 Nxd5 10. Bg3 Qa5+ 11. Nd2 b6 12. a3 Ba6 13. Bxa6 Qxa6 14. Qc4 Qb7 15. e4 Nf6 16. f3 Rc8 17. Qd3 d5 18. 0-0 Be7 19. Rac1 0-0 20. Bf4 Rfd8 21. e5 Nd7 22. a4 a6 23. Nb3 Nb8 24. Rxc8 Rxc8 25. Rc1 Qd7 26. Rxc8+ Qxc8 27. Nc1 Nc6 28. Ne2 Nb4 29. Qc3 Qxc3 30. bxc3 Nd3 31. Bc1 Kf8 32. f4 Ke8 33. g3 Kd7 34. Kg2 Kc6 35. Kf3 b5 36. Ke3 Nxc1 37. axb5+ Kxb5 38. Nxc1 Kc4 39. Kd2 a5 40. Kc2 a4 41. Nd3 g5 42. Nb2+ Kb5 43. Nd3 gxf4 44. gxf4 Bf8 45. h3 Bh6 46. h4 Bf8 47. h5 a3 48. Kb3 a2 49. Kxa2 Kc4 50. Ne1 Kxc3 51. Nf3 Be7 0-1

[Event "Ghent Taminco op 38th"]
[Site "Ghent"]
[Date "2015.07.19"]
[Round "3"]
[White "Cordts, Ingo"]
[Black "Boog, Ben"]
[Result "1-0"]
[WhiteElo "2284"]
[BlackElo "2075"]
[PlyCount "45"]
[EventDate "2015.07.18"]
[EventType "swiss"]
[EventRounds "9"]
[EventCountry "BEL"]
[SourceTitle "CBM 167 Extra"]
[Source "ChessBase"]
[SourceDate "2015.09.14"]
[SourceVersion "1"]
[SourceVersionDate "2015.09.14"]
[SourceQuality "1"]

1. Nf3 d5 2. d4 c6 3. c4 e6 4. Qc2 f5 5. g3 Nf6 6. Bg2 Bd6 7. 0-0 0-0 8. Nc3 Ne4 9. Rb1 Qe7 10. b4 Nxc3 11. Qxc3 b5 12. cxb5 cxb5 13. Bf4 Bxf4 14. gxf4 Bb7 15. Qc5 Qe8 16. Qc7 Qd7 17. Qa5 a6 18. Ne5 Qd6 19. Rfc1 Rc8 20. Rxc8+ Bxc8 21. Rc1 Nd7 22. Rc6 Qe7 23. Rxe6 1-0

[Event "Ghent Taminco op 36th"]
[Site "Ghent"]
[Date "2013.07.20"]
[Round "2"]
[White "Boog, Ben"]
[Black "Sumets, Andrey"]
[Result "0-1"]
[WhiteElo "2072"]
[BlackElo "2583"]
[PlyCount "86"]
[EventDate "2013.07.20"]
[EventType "swiss"]
[EventRounds "9"]
[EventCountry "BEL"]
[SourceTitle "CBM 155 Extra"]
[Source "ChessBase"]
[SourceDate "2013.08.26"]
[SourceVersion "1"]
[SourceVersionDate "2013.08.26"]
[SourceQuality "1"]

1. d4 Nf6 2. g3 d5 3. Bg2 Bf5 4. c4 e6 5. Nc3 c6 6. Nf3 Nbd7 7. cxd5 exd5 8. Nh4 Be6 9. f4 Nb6 10. f5 Bd7 11. Qd3 Be7 12. Nf3 0-0 13. Ne5 Nc8 14. 0-0 Nd6 15. g4 Nfe8 16. e4 dxe4 17. Nxe4 Nxe4 18. Bxe4 Nf6 19. Bg2 Nd5 20. Qb3 Bc8 21. Kh1 a5 22. a3 Ra6 23. Bd2 a4 24. Qh3 Bg5 25. Bxg5 Qxg5 26. Bxd5 cxd5 27. Qf3 Rb6 28. Rf2 Rb5 29. Re1 Qd8 30. Rc1 Re8 31. Rfc2 Bd7 32. g5 Bc6 33. Qh5 Rxe5 34. dxe5 d4+ 35. Rxc6 bxc6 36. Qf3 d3 37. Rd1 Rd5 38. e6 Qxg5 39. exf7+ Kxf7 40. Rf1 d2 41. Qd1 Rxf5 42. Rxf5+ Qxf5 43. Qxd2 Qf1# 0-1

[Event "Rotterdam Triomfator op 1st"]
[Site "Rotterdam"]
[Date "2002.06.15"]
[Round "3"]
[White "Kouwenhoven, Arjen"]
[Black "Boog, Ben"]
[Result "1/2-1/2"]
[WhiteElo "1922"]
[BlackElo "2075"]
[PlyCount "72"]
[EventDate "2002.06.14"]
[EventType "swiss"]
[EventRounds "6"]
[EventCountry "NED"]
[SourceTitle "CBM 088 Extra"]
[Source "ChessBase"]
[SourceDate "2002.07.01"]
[SourceVersion "2"]
[SourceVersionDate "2002.07.01"]
[SourceQuality "1"]

1. d4 d5 2. c4 e6 3. Nc3 f5 4. Nf3 Nf6 5. g3 c6 6. Bg2 Bd6 7. 0-0 0-0 8. b3 Nbd7 9. Qc2 Ne4 10. a4 Qe7 11. Bb2 a5 12. Rad1 Ndf6 13. Ne5 Qc7 14. f3 Ng5 15. e4 fxe4 16. fxe4 Bxe5 17. dxe5 Qb6+ 18. Qf2 Qxf2+ 19. Rxf2 Nfxe4 20. Nxe4 Nxe4 21. Bxe4 dxe4 22. Ba3 Rxf2 23. Rd8+ Kf7 24. Kxf2 Kg6 25. Ke3 b5 26. Bd6 bxa4 27. bxa4 Bb7 28. Rxa8 Bxa8 29. Kxe4 c5+ 30. Kf4 Bc6 31. Bxc5 Bxa4 32. Bb6 Bb3 33. Bxa5 Bxc4 34. h4 Kh5 35. Bd8 Be2 36. Be7 h6 1/2-1/2